000 00333nam a2200121 i 4500
001 bg
245 0 _aPrzewodnik do ćwiczeń z wybranych zagadnień ekonomiki organizacji i techniki handlu zagranicznego.
260 _aSzczecin,
_c1975.
040 _cBPK
041 _apol
942 _cKS
008 s pl f |000 0 pol
999 _c16699
_d16699
856 _uhttp://koha.tu.koszalin.pl/cgi-bin/koha/opac-detail.pl?biblionumber=16699
_yKatalog online BPK